• 首页
  • 本馆介绍
  • 公告通知
  • 最新文献
  • 馆藏检索
  • 电子资源
  • 读者导购
  • 参考咨询
  • 我的图书馆
  • 登录
  • 详细信息显示
  • 放入我的书架
  • 预约/预借图书
  • 作者相关作品
  • 分类相关作品
  • 丛书相关作品
  • 出版社相关作品

书目信息

  • 表格格式
  • 工作单格式
  • 卡片格式
题名:
自律的人生更自由
    
 
作者: 小椰子 著
分册:  
出版信息: 苏州   古吴轩出版社  2020.5
页数: 257页
开本: 21cm
丛书名:
单 册:
中图分类: C936.41-49
科图分类:
主题词: 自律--zi lv--通俗读物
电子资源:
ISBN: 978-7-5546-1517-1
000 01055nam0 2200229 450
001 2159510368
005 20211011172912.0
010    @a978-7-5546-1517-1@dCNY46.00
100    @a20200905d2020 em y0chiy0120 ea
101 0  @achi
102    @aCN@b320000
105    @ay z 000yy
106    @ar
200 1  @a自律的人生更自由@Azi lv de ren sheng geng zi you@f小椰子著
210    @a苏州@c古吴轩出版社@d2020.5
215    @a257页@d21cm
330    @a在我们的生活中,各种消极诱惑层出不穷,如果不懂得节制自己的欲望,放任懒散成为习惯、不自律成为常态,那么我们终将沦为欲望的奴隶,我们的人生也势必随之走向痛苦和平庸。对美好人生的期待,值得我们对自己严格一点儿。本书刻画了大量典型的案例来展现当代年轻人真实的生活现状,运用犀利的语言帮助读者充分认清一味放纵欲望的危害性,进而引导读者摆脱浮躁,走出迷茫,克服自身惰性,做出意义深远的改变,最终成长为能自由掌控自己人生的强者。
606 0  @a自律@Azi lv@j通俗读物
690    @aC936.41-49@v5
701  0 @a小椰子@Axiao ye zi@c(女,@f1993-)@4著
801  0 @aCN@b百万庄@c20211009
905    @b1307776-79@dC936.41-49@e915@f4
    
    自律的人生更自由/小椰子著.-苏州:古吴轩出版社,2020.5
    257页;21cm
    
    
    ISBN 978-7-5546-1517-1:CNY46.00
    在我们的生活中,各种消极诱惑层出不穷,如果不懂得节制自己的欲望,放任懒散成为习惯、不自律成为常态,那么我们终将沦为欲望的奴隶,我们的人生也势必随之走向痛苦和平庸。对美好人生的期待,值得我们对自己严格一点儿。本书刻画了大量典型的案例来展现当代年轻人真实的生活现状,运用犀利的语言帮助读者充分认清一味放纵欲望的危害性,进而引导读者摆脱浮躁,走出迷茫,克服自身惰性,做出意义深远的改变,最终成长为能自由掌控自己人生的强者。
●
相关链接 在E读中查询图书 在五车中查询图书 在当当中查询图书 在豆瓣中查询图书


正题名:自律的人生更自由     索取号:C936.41-49/915         预约/预借

序号 登录号 条形码 馆藏地/架位号 状态 备注
1 1307776   213077766   第一样本阅览室/ [索取号:C936.41-49/915] 在馆    
2 1307777   213077775   第一借阅区/ [索取号:C936.41-49/915] 在馆    
3 1307778   213077784   第一借阅区/ [索取号:C936.41-49/915] 在馆    
4 1307779   213077793   第一借阅区/ [索取号:C936.41-49/915] 在馆    
唐山师范学院图书馆 欢迎您!
大连网信软件有限公司© 版权所有